Normal view
MARC view
Entry Personal Name
001 - CONTROL NUMBER
- control field: 29481
003 - CONTROL NUMBER IDENTIFIER
- control field: dpl
005 - DATE AND TIME OF LATEST TRANSACTION
- control field: 20110712113253.0
008 - FIXED-LENGTH DATA ELEMENTS
- fixed length control field: 110712|||a|||||| | ||| d
040 ## - CATALOGING SOURCE
- Original cataloging agency: dpl
- Transcribing agency: dpl
100 ## - HEADING--PERSONAL NAME
- Personal name: Nandi, Sukumar
670 ## - SOURCE DATA FOUND
- Source citation: Work cat.: (dpl)36429: Nandi, Sukumar, International business environment /, 2010
670 ## - SOURCE DATA FOUND
- Source citation: Work cat.: (dpl)36429: Nandi, Sukumar, International business environment /, 2010
